00872nam a2200157Ia 4500008004100000040001800041041000800059100003100067245006300098260007200161300001300233505034600246650000900592650003200601710008100633130821s1999 ck gs spa  aCo-BoUCMbspa00aspa1 aJiménez, Jorge Humberto01aAlgo de lo que somoscJorge Humberto Jiménez, cantautor. aBogotá (Colombia)bInstituto Distrital de Cultura y Turismoc1999 a1 CD-ROM aEl rebusque. -- Blanquita blanca. -- La espera. -- Creo. -- Gerente como yo. -- Sin saber cómo y cuándo. -- Nostalgia de culebrero. -- Canta un pijao. -- Me duele el alma. -- Maleta de viaje. -- Ayer padres, hoy abuelos. -- Corazón boyacense. -- Alpargatas de mi tierra. -- Que suerte que somos dos. -- El homo sapiens. -- Cerro lindo.04aArte04aMúsica colombianavCD-ROM aBogotá.bAlcaldía Mayor.bInstituto Distrital de Cultura y Turismo. IDCT